Del príncipe moderno al señor barroco : (Record no. 116638)

MARC details
000 -LEADER
fixed length control field 00608nam a22001697a 4500
005 - DATE AND TIME OF LATEST TRANSACTION
control field 20160513115135.0
008 - FIXED-LENGTH DATA ELEMENTS--GENERAL INFORMATION
fixed length control field 160513b ck||||| |||| 00| 0 spa d
020 ## - INTERNATIONAL STANDARD BOOK NUMBER
International Standard Book Number 9584441942
050 04 - LIBRARY OF CONGRESS CALL NUMBER
Classification number PQ7389 .L49
Item number D87 2008
100 1# - MAIN ENTRY--PERSONAL NAME
Personal name Duchesne Winter, Juan
245 14 - TITLE STATEMENT
Title Del príncipe moderno al señor barroco :
Remainder of title la república de la amistad en Paradiso, de José Lezama Lima /
Statement of responsibility, etc Juan Duchesne Winter
250 ## - EDITION STATEMENT
Edition statement 1a ed.
260 ## - PUBLICATION, DISTRIBUTION, ETC. (IMPRINT)
Place of publication, distribution, etc Cali, Colombia :
Name of publisher, distributor, etc Archivos del Índice,
Date of publication, distribution, etc 2008.
300 ## - PHYSICAL DESCRIPTION
Extent 131 p. ;
Dimensions 22 cm.
600 1# - SUBJECT ADDED ENTRY--PERSONAL NAME
Personal name Lezama Lima, José,
Dates associated with a name 1910-1976
General subdivision Crítica e interpretación.
942 ## - ADDED ENTRY ELEMENTS (KOHA)
Source of classification or shelving scheme Biblioteca del Cogreso de los Estados Unidos
Koha item type Libro
Holdings
Estado de pérdida Fuente de clasificación Estado del daño No para préstamo Ubicación permanente Ubicación actual Apartado o colección Fecha de adquisición Edición Área del conocimiento Clasificación Código de Barras Date last seen Número de copia Tipo de recurso
  Biblioteca del Cogreso de los Estados Unidos     Biblioteca de la Facultad de Filosofía Biblioteca de la Facultad de Filosofía General 13/05/2016 1a ed. Educación y Humanidades PQ7389 .L49 D87 2008 BFF000016199 13/05/2016 1 Libro